000 01475cab a2200433 4500
001 ABS59421
008 090401t1998 xxu||||| |||| 00| 0 eng d
035 _a(Sirsi) u89480
041 _aeng
245 _aOffices
260 _c1998
350 _a0
490 _aProperty Week
_vSupplement October 1998, (52) LOAN
520 _aCovers various aspects of occupying office premises. Detailed guide to flexible leasing arrangements; increasing shareholder value; changes in the workplace; fitting out; the state of the markets in central London, Merseyside and Scotland; demand, supply and rental trends by regions; and development schemes across the UK.
650 _aBIRMINGHAM
650 _aCENTRAL LONDON
650 _aCITY OF LONDON
650 _aDEVELOPMENT APPRAISAL
650 _aDEVOLUTION
650 _aFACILITIES MANAGEMENT
_96240
650 _aFITTING-OUT
650 _aFLEXIBLE LEASES
650 _aGLASGOW
650 _aINSTITUTIONAL INVESTORS
650 _aLEASING ARRANGEMENTS
650 _aMANCHESTER
650 _aMERSEYSIDE
650 _aPROPERTY-COMMERCIAL PROPERTY-OFFICE PROPERTY-OFFICE PROPERTY MARKET
650 _aOFFICE SPACE
650 _aOFFICE SUPPLY
650 _aREFORM
650 _aRENTAL LEVELS
650 _aSCOTLAND
650 _aSHAREHOLDER INTERESTS
650 _aWORKPLACE MANAGEMENT
690 _aPROPERTY-COMMERCIAL PROPERTY-COMMERCIAL PROPERTY MARKET
942 _n0
948 _c04/11/1998
999 _c56617
_d56617